[Event "Aut_chT0809"]
[Site "Graz"]
[Date "2009.01.24"]
[Round "6"]
[Board "5"]
[White "Kunin, Vitaly"]
[Black "Schmittdiel, Eckhard"]
[Result "1-0"]
[WhiteElo "2546"]
[BlackElo "2438"]
[PlyCount "129"]
[EventDate "2008.11.07"]
[EventType "team"]
[EventRounds "11"]
[EventCountry "AUT"]
[WhiteTeam "Holz Dohr"]
[BlackTeam "SK Absam"]

1.d4 e6 2.g3 c5 3.Nf3 Nc6 4.Bg2 cxd4 5.Nxd4 Qb6 6.Nxc6 bxc6 7.O-O Nf6 8.b3 d5
9.Bb2 Be7 10.Nc3 Ba6 11.Na4 Qa5 12.c4 O-O 13.Bc3 Qc7 14.cxd5 cxd5 15.Rc1 Qb7
16.Bxf6 Bxf6 17.Nc5 Qb5 18.e4 Rad8 19.exd5 exd5 20.Re1 Bb7 21.a4 Qb4 22.Nxb7
Qxb7 23.Rc5 Qb4 24.Rb5 Qc3 25.Re3 Qb2 26.Rxd5 g6 27.Red3 Rc8 28.Qf3 Rc1+ 29.Rd1
Re8 30.Bf1 Rxd1 31.Rxd1 Kg7 32.Bc4 Re7 33.Kg2 Qe5 34.Bd3 Qc3 35.Qd5 Qe5 36.Qf3
Qc3 37.Qd5 Qe5 38.Qxe5 Rxe5 39.b4 Rd5 40.b5 Bc3 41.Kf3 f5 42.Ke2 Re5+ 43.Kf1 Rd5
44.Ke2 Re5+ 45.Kf1 Rd5 46.f4 Rd7 47.Ke2 Re7+ 48.Kf3 Ba5 49.Bf1 Bb6 50.Ra1 Ba5
51.Ra2 Re1 52.Be2 Rc1 53.Ke3 Kf6 54.Kd4 h6 55.Bc4 Bb6+ 56.Kd3 Rd1+ 57.Kc2 Rd7
58.a5 Bd8 59.b6 axb6 60.a6 Ra7 61.Bd5 g5 62.fxg5+ hxg5 63.Bb7 g4 64.Kd3 Be7
65.Kc4

[Event "Aut_chT0809"]
[Site "Graz"]
[Date "2009.01.24"]
[Round "6"]
[Board "6"]
[White "Gerhold, Michael"]
[Black "Freitag, Manfred"]
[Result "1/2-1/2"]
[WhiteElo "2229"]
[BlackElo "2406"]
[PlyCount "35"]
[EventDate "2008.11.07"]
[EventType "team"]
[EventRounds "11"]
[EventCountry "AUT"]
[WhiteTeam "SK Absam"]
[BlackTeam "Holz Dohr"]

1.Nf3 Nf6 2.c4 g6 3.Nc3 Bg7 4.e4 d6 5.d4 O-O 6.Be2 c5 7.O-O cxd4 8.Nxd4 Nc6
9.Be3 Bd7 10.Qd2 Nxd4 11.Bxd4 Bc6 12.f3 a5 13.b3 Nd7 14.Be3 Nc5 15.Rab1 Qb6
16.Rfc1 Rfc8 17.Rc2 Qd8 18.Bf1

[Event "Aut_chT0809"]
[Site "Graz"]
[Date "2009.01.24"]
[Round "6"]
[Board "3"]
[White "Najer, Evgeniy"]
[Black "Moser, Eva"]
[Result "1-0"]
[WhiteElo "2669"]
[BlackElo "2397"]
[PlyCount "87"]
[EventDate "2008.11.07"]
[EventType "team"]
[EventRounds "11"]
[EventCountry "AUT"]
[WhiteTeam "Husek Wien"]
[BlackTeam "Styria Graz"]

1.e4 c5 2.Nf3 Nc6 3.Nc3 Nf6 4.Bb5 Qc7 5.O-O Nd4 6.Re1 a6 7.Bf1 e5 8.g3 d6 9.h3
Be7 10.d3 h6 11.Bg2 Be6 12.Nd2 Qd7 13.Kh2 h5 14.Nd5 h4 15.g4 Bxd5 16.exd5 Qa4
17.b3 Qa5 18.a4 b5 19.f4 exf4 20.Nf3 Nxf3+ 21.Bxf3 g5 22.Bb2 Rh6 23.d4 c4 24.Qe2
Ra7 25.axb5 Qxb5 26.bxc4 Qd7 27.c5 Kf8 28.c6 Qc8 29.c4 Ne8 30.Bc3 Bf6 31.Qb2 Nc7
32.Reb1 Kg7 33.Qb8 Ra8 34.Qxc8 Rxc8 35.Rb7 Rhh8 36.Re1 Ne8 37.Be4 Ra8 38.Bf5 Bd8
39.c5 a5 40.Re6 Nc7 41.Rxd6 Re8 42.Rd7 Re2+ 43.Kg1 a4 44.d6

[Event "Aut_chT0809"]
[Site "Graz"]
[Date "2009.01.24"]
[Round "6"]
[Board "4"]
[White "Luther, Thomas"]
[Black "Sutovsky, Emil"]
[Result "1-0"]
[WhiteElo "2536"]
[BlackElo "2660"]
[PlyCount "83"]
[EventDate "2008.11.07"]
[EventType "team"]
[EventRounds "11"]
[EventCountry "AUT"]
[WhiteTeam "Styria Graz"]
[BlackTeam "Husek Wien"]

1.e4 c6 2.d4 d5 3.Nd2 dxe4 4.Nxe4 Bf5 5.Ng3 Bg6 6.h4 h6 7.Nf3 Nd7 8.h5 Bh7 9.Bd3
Bxd3 10.Qxd3 e6 11.Bd2 Ngf6 12.O-O-O Be7 13.Kb1 c5 14.Ne4 O-O 15.Nxf6+ Bxf6
16.d5 Qb6 17.Bc1 exd5 18.Qxd5 Rad8 19.Qf5 Qb5 20.Rd6 Rfe8 21.c4 Qa4 22.Rhd1 Nb6
23.b3 Qb4 24.Rxd8 Bxd8 25.Ne5 Bf6 26.Nd3 Qa5 27.Qxc5 Qxc5 28.Nxc5 Re7 29.Bb2
Bxb2 30.Kxb2 Rc7 31.Rd8+ Kh7 32.Ne4 Re7 33.Nd6 Re2+ 34.Kc3 Rxf2 35.a4 Rxg2 36.a5
Rg5 37.axb6 axb6 38.Rd7 Rxh5 39.Rxf7 Rh3+ 40.Kb4 Rd3 41.Ne8 Rg3 42.Nf6+

[Event "Aut_chT0809"]
[Site "Graz"]
[Date "2009.01.24"]
[Round "6"]
[Board "6"]
[White "Hatzl, Stefan"]
[Black "Kovalev, Andrei"]
[Result "0-1"]
[WhiteElo "2148"]
[BlackElo "2535"]
[PlyCount "68"]
[EventDate "2008.11.07"]
[EventType "team"]
[EventRounds "11"]
[EventCountry "AUT"]
[WhiteTeam "Styria Graz"]
[BlackTeam "Husek Wien"]

1.e4 c5 2.c3 d6 3.Nf3 Nf6 4.Be2 g6 5.O-O Bg7 6.Re1 O-O 7.Bf1 b6 8.d4 Bb7 9.d5
Na6 10.a4 e6 11.c4 Nb4 12.Nc3 a6 13.h3 Re8 14.Bf4 Nh5 15.Bh2 e5 16.Na2 Bc8
17.Nxb4 cxb4 18.a5 Bd7 19.axb6 Qxb6 20.g4 Nf4 21.Bxf4 exf4 22.Qd2 a5 23.Rac1 Qc5
24.Re2 f5 25.gxf5 gxf5 26.Qxf4 Rxe4 27.Rxe4 fxe4 28.Ng5 Rf8 29.Qh4 h6 30.Nxe4
Qd4 31.Bg2 Qxb2 32.Rf1 Qe5 33.Kh1 Bf5 34.f4 Bxe4

[Event "Aut_chT0809"]
[Site "Graz"]
[Date "2009.01.24"]
[Round "6"]
[Board "1"]
[White "Gelfand, Boris"]
[Black "Neubauer, Martin"]
[Result "1-0"]
[WhiteElo "2733"]
[BlackElo "2417"]
[PlyCount "77"]
[EventDate "2008.11.07"]
[EventType "team"]
[EventRounds "11"]
[EventCountry "AUT"]
[WhiteTeam "SK Advisory Invest Baden"]
[BlackTeam "SK ASVOE Raika St.Veit/Gl."]

1.Nf3 Nf6 2.c4 e6 3.g3 d5 4.d4 dxc4 5.Bg2 Nc6 6.Qa4 Bb4+ 7.Bd2 Nd5 8.Bxb4 Ndxb4
9.O-O Rb8 10.Na3 O-O 11.Qb5 b6 12.Qxc4 Ba6 13.Nb5 Qd5 14.Qxd5 Nxd5 15.a4 Na5
16.Ne5 Rfd8 17.Rac1 c5 18.dxc5 bxc5 19.Rxc5 Bxb5 20.Rxb5 Rxb5 21.axb5 Rb8 22.Rc1
f6 23.Bh3 fxe5 24.Bxe6+ Kf8 25.Bxd5 Rxb5 26.e4 Rxb2 27.Rc7 Nb3 28.Rb7 Rb1+
29.Kg2 Nd2 30.Rxa7 g5 31.Rxh7 g4 32.Rf7+ Ke8 33.Rg7 Nf3 34.Rxg4 Ne1+ 35.Kh3 Nd3
36.Rg8+ Ke7 37.Rg7+ Kd6 38.Rg6+ Kc5 39.Rc6+

[Event "Aut_chT0809"]
[Site "Graz"]
[Date "2009.01.24"]
[Round "6"]
[Board "2"]
[White "Sikula, Vaszilij"]
[Black "Socko, Bartosz"]
[Result "0-1"]
[WhiteElo "2540"]
[BlackElo "2631"]
[PlyCount "118"]
[EventDate "2008.11.07"]
[EventType "team"]
[EventRounds "11"]
[EventCountry "AUT"]
[WhiteTeam "SK ASVOE Raika St.Veit/Gl."]
[BlackTeam "SK Advisory Invest Baden"]

1.e4 e6 2.d4 d5 3.exd5 exd5 4.Bd3 Nc6 5.c3 Bd6 6.Qf3 Be6 7.Ne2 Qf6 8.Qxf6 Nxf6
9.Bf4 O-O-O 10.Bxd6 Rxd6 11.Nd2 Ne7 12.Ng3 Ng6 13.O-O Nf4 14.Bc2 Rb6 15.Rab1 Re8
16.Rfe1 Bd7 17.Rxe8+ Nxe8 18.Nf3 Nd6 19.Ne5 g6 20.Nd3 Nxd3 21.Bxd3 Bb5 22.Bxb5
Rxb5 23.b3 a5 24.a4 Rb6 25.Kf1 Rc6 26.Rc1 Rb6 27.Rb1 Rc6 28.Rc1 f5 29.f3 Rb6
30.Rb1 Nc4 31.Ke2 f4 32.Nf1 g5 33.Kd1 Kd7 34.Ke2 Re6+ 35.Kf2 Rb6 36.Ke2 h5 37.h3
Nd6 38.Nd2 Nf5 39.Nf1 Re6+ 40.Kd2 Nh4 41.Nh2 Rb6 42.Kd3 Ke7 43.Rb2 Re6 44.Nf1
Kf6 45.Rf2 Re1 46.g4 fxg3 47.Nxg3 Rg1 48.Nf1 Ng6 49.Ne3 c6 50.Rh2 Rg3 51.c4 Nf4+
52.Kd2 Rxf3 53.cxd5 Nxd5 54.Nc4 Rxb3 55.Rf2+ Nf4 56.h4 Rd3+ 57.Kc2 Rxd4 58.hxg5+
Kxg5 59.Nxa5 Rxa4

[Event "Aut_chT0809"]
[Site "Graz"]
[Date "2009.01.24"]
[Round "6"]
[Board "3"]
[White "Balogh, Csaba"]
[Black "Rogic, Davor"]
[Result "1-0"]
[WhiteElo "2605"]
[BlackElo "2503"]
[PlyCount "115"]
[EventDate "2008.11.07"]
[EventType "team"]
[EventRounds "11"]
[EventCountry "AUT"]
[WhiteTeam "SK Advisory Invest Baden"]
[BlackTeam "SK ASVOE Raika St.Veit/Gl."]

1.e4 e5 2.Nf3 Nc6 3.Bb5 a6 4.Ba4 Nf6 5.O-O Be7 6.Re1 b5 7.Bb3 d6 8.c3 Na5 9.Bc2
c5 10.d4 Qc7 11.Nbd2 O-O 12.h3 cxd4 13.cxd4 Rd8 14.b3 Nc6 15.Bb2 Bb7 16.Rc1 Qb6
17.Nf1 Rac8 18.Ne3 g6 19.Qd2 d5 20.Nxd5 Nxd5 21.exd5 Rxd5 22.Be4 Rdd8 23.Bxc6
Rxc6 24.Nxe5 Rxc1 25.Rxc1 Bf6 26.Ng4 Bxd4 27.Bxd4 Rxd4 28.Qg5 Qe6 29.Rc7 Rd1+
30.Kh2 Qd6+ 31.Qe5 Qxe5+ 32.Nxe5 Bd5 33.Rd7 Kf8 34.b4 Ke8 35.Rd6 Rd2 36.Nc6 f5
37.h4 Rd1 38.a3 f4 39.Ne5 Rd2 40.f3 Ke7 41.Rxa6 Re2 42.Nd3 Bxf3 43.Nxf4 Ra2
44.Rb6 Bg4 45.Nd5+ Kf7 46.Rb7+ Ke6 47.Nc3 Rxa3 48.Nxb5 Rd3 49.Rxh7 Be2 50.Rc7
Rd2 51.Rc5 Bf1 52.Rg5 Rb2 53.Rxg6+ Kf7 54.Rg5 Bxg2 55.Rxg2 Rxb4 56.Nd6+ Ke7
57.Nf5+ Kf6 58.Rf2

[Event "Aut_chT0809"]
[Site "Graz"]
[Date "2009.01.24"]
[Round "6"]
[Board "4"]
[White "Hoelzl, Franz"]
[Black "Siebrecht, Sebastian"]
[Result "0-1"]
[WhiteElo "2356"]
[BlackElo "2440"]
[PlyCount "80"]
[EventDate "2008.11.07"]
[EventType "team"]
[EventRounds "11"]
[EventCountry "AUT"]
[WhiteTeam "SK ASVOE Raika St.Veit/Gl."]
[BlackTeam "SK Advisory Invest Baden"]

1.d4 Nf6 2.Nf3 e6 3.g3 b5 4.Bg5 Bb7 5.e3 c5 6.Nbd2 a6 7.Bg2 cxd4 8.exd4 Be7
9.O-O O-O 10.Nb3 a5 11.a4 b4 12.c4 bxc3 13.bxc3 h6 14.Bxf6 Bxf6 15.Nc5 Bc6
16.Nd2 Bxg2 17.Kxg2 d5 18.Rb1 Nd7 19.Rb5 Nxc5 20.Rxc5 Rc8 21.Nb3 Rxc5 22.Nxc5
Be7 23.Nd3 Qc7 24.Qa1 Rc8 25.Rc1 Qc4 26.Ne5 Qb3 27.h4 Bd6 28.Rb1 Qc2 29.Rc1 Qe4+
30.Nf3 Rc4 31.Qb2 Rxa4 32.h5 Bf8 33.Re1 Qf5 34.Re3 Qxh5 35.Ne5 Bd6 36.Qb1 Ra3
37.Nf3 a4 38.Qb5 Ra1 39.Qe8+ Bf8 40.Rxe6 Qh1#

[Event "Aut_chT0809"]
[Site "Graz"]
[Date "2009.01.24"]
[Round "6"]
[Board "5"]
[White "Baumegger, Siegfried"]
[Black "Jurkovic, Hrvoje"]
[Result "1-0"]
[WhiteElo "2447"]
[BlackElo "2405"]
[PlyCount "93"]
[EventDate "2008.11.07"]
[EventType "team"]
[EventRounds "11"]
[EventCountry "AUT"]
[WhiteTeam "SK Advisory Invest Baden"]
[BlackTeam "SK ASVOE Raika St.Veit/Gl."]

1.d4 d5 2.Nf3 Nc6 3.g3 Bg4 4.Bg2 Qd7 5.h3 Bxf3 6.exf3 e6 7.f4 Nge7 8.c3 Nf5
9.Nd2 h5 10.h4 Be7 11.Nf3 g6 12.O-O a5 13.a4 O-O 14.Re1 Bf6 15.Bf1 Nce7 16.Ne5
Bxe5 17.fxe5 b6 18.Bg5 c5 19.Bb5 Qc7 20.Bf6 Kh7 21.Kg2 Ng8 22.Bg5 Ngh6 23.Qd2
Ng8 24.Rad1 c4 25.Qf4 Ra7 26.f3 Ng7 27.Re2 Rb7 28.Rde1 Ra7 29.g4 Rb7 30.Kg3 Ra7
31.Bf6 Nxf6 32.exf6 Qxf4+ 33.Kxf4 Ne8 34.Ke5 Nc7 35.gxh5 gxh5 36.Rg2 Nxb5
37.axb5 Rd7 38.Rg5 Kh6 39.Reg1 Rdd8 40.Rg7 a4 41.f4 Ra8 42.f5 exf5 43.Kxf5 Ra7
44.R1g5 Rh8 45.Ke5 a3 46.bxa3 Re8+ 47.Kf5

[Event "Aut_chT0809"]
[Site "Graz"]
[Date "2009.01.24"]
[Round "6"]
[Board "6"]
[White "Hebesberger, Thomas"]
[Black "Lendwai, Reinhard"]
[Result "0-1"]
[WhiteElo "2354"]
[BlackElo "2418"]
[PlyCount "64"]
[EventDate "2008.11.07"]
[EventType "team"]
[EventRounds "11"]
[EventCountry "AUT"]
[WhiteTeam "SK ASVOE Raika St.Veit/Gl."]
[BlackTeam "SK Advisory Invest Baden"]

1.c4 e6 2.g3 Nf6 3.Nf3 d5 4.Bg2 Be7 5.O-O O-O 6.b3 b6 7.Bb2 Bb7 8.d4 c5 9.cxd5
Nxd5 10.Nbd2 cxd4 11.Nxd4 Nd7 12.Rc1 Rc8 13.Nc4 N7f6 14.e4 Nb4 15.a3 Nc6 16.e5
Nd5 17.Nb5 Ba6 18.Nbd6 Bxd6 19.exd6 b5 20.Bxd5 exd5 21.Ne3 d4 22.Nf5 Kh8 23.Qg4
Rg8 24.Rfe1 Bb7 25.Rxc6 Rxc6 26.Bxd4 f6 27.Qf4 Re8 28.Rxe8+ Qxe8 29.Ne7 Rc2
30.Bxf6 Qh5 31.Bxg7+ Kxg7 32.Qd4+ Kf7

[Event "Aut_chT0809"]
[Site "Graz"]
[Date "2009.01.25"]
[Round "7"]
[Board "1"]
[White "Neubauer, Martin"]
[Black "Ragger, Markus"]
[Result "1/2-1/2"]
[WhiteElo "2417"]
[BlackElo "2540"]
[PlyCount "94"]
[EventDate "2008.11.07"]
[EventType "team"]
[EventRounds "11"]
[EventCountry "AUT"]
[WhiteTeam "SK ASVOE Raika St.Veit/Gl."]
[BlackTeam "SK Kl.Ztg.MPOE Maria Saal"]

1.d4 d5 2.c4 c6 3.Nf3 Nf6 4.Nc3 dxc4 5.a4 Bf5 6.Ne5 e6 7.f3 Bb4 8.e4 Bxe4 9.fxe4
Nxe4 10.Bd2 Qxd4 11.Nxe4 Qxe4+ 12.Qe2 Bxd2+ 13.Kxd2 Qd5+ 14.Kc2 Na6 15.Nxc4
O-O-O 16.Qe5 f6 17.Qxd5 cxd5 18.Nd2 Nb4+ 19.Kc3 a5 20.Nb3 b6 21.Bb5 e5 22.Kd2
Kb8 23.Rac1 Rc8 24.Rxc8+ Rxc8 25.Rc1 Rxc1 26.Nxc1 Kc7 27.Nd3 Nxd3 28.Kxd3 f5
29.h4 f4 30.Be8 Kd6 31.Bf7 g6 32.h5 gxh5 33.Bxh5 Kc5 34.Bg4 h6 35.Bh5 Kd6 36.Bf7
Kc5 37.Bg6 e4+ 38.Kc3 d4+ 39.Kb3 Kd5 40.Bf7+ Kc5 41.Bg6 Kd5 42.Bf7+ Ke5 43.Bh5
Kf5 44.Kc4 d3 45.Bd1 d2 46.Kc3 h5 47.Kxd2 h4

[Event "Aut_chT0809"]
[Site "Graz"]
[Date "2009.01.25"]
[Round "7"]
[Board "2"]
[White "Pavasovic, Dusko"]
[Black "Sikula, Vaszilij"]
[Result "1/2-1/2"]
[WhiteElo "2598"]
[BlackElo "2540"]
[PlyCount "45"]
[EventDate "2008.11.07"]
[EventType "team"]
[EventRounds "11"]
[EventCountry "AUT"]
[WhiteTeam "SK Kl.Ztg.MPOE Maria Saal"]
[BlackTeam "SK ASVOE Raika St.Veit/Gl."]

1.e4 c5 2.Nf3 e6 3.c3 Nf6 4.e5 Nd5 5.Bc4 d6 6.d4 cxd4 7.cxd4 Nc6 8.Qe2 Be7 9.O-O
O-O 10.Rd1 Na5 11.b3 Bd7 12.Bxd5 exd5 13.Nc3 Be6 14.Ba3 a6 15.Na4 Re8 16.Qd3 h6
17.Re1 Nc6 18.exd6 Bxd6 19.Bxd6 Qxd6 20.Nc5 Re7 21.Re3 Rae8 22.Rae1 Bc8 23.Rxe7

[Event "Aut_chT0809"]
[Site "Graz"]
[Date "2009.01.25"]
[Round "7"]
[Board "3"]
[White "Rogic, Davor"]
[Black "Buhmann, Rainer"]
[Result "1/2-1/2"]
[WhiteElo "2503"]
[BlackElo "2565"]
[PlyCount "115"]
[EventDate "2008.11.07"]
[EventType "team"]
[EventRounds "11"]
[EventCountry "AUT"]
[WhiteTeam "SK ASVOE Raika St.Veit/Gl."]
[BlackTeam "SK Kl.Ztg.MPOE Maria Saal"]

1.e4 e5 2.Nf3 Nc6 3.Bb5 Nf6 4.O-O Nxe4 5.Re1 Nd6 6.Nxe5 Be7 7.Bf1 O-O 8.Nc3 Nxe5
9.Rxe5 c6 10.d4 Bf6 11.Re1 Nf5 12.d5 d6 13.Ne4 Bd7 14.c3 Re8 15.dxc6 bxc6
16.Nxf6+ Qxf6 17.Bf4 Rxe1 18.Qxe1 h6 19.Rd1 g5 20.Be5 dxe5 21.Rxd7 Qe6 22.Qd1 e4
23.Qd2 Qxa2 24.h4 gxh4 25.Be2 Qb1+ 26.Bd1 e3 27.fxe3 Re8 28.Qe2 Nxe3 29.Qf3 Qf5
30.Qxf5 Nxf5 31.Bg4 Ng3 32.Rxa7 Re1+ 33.Kf2 Rb1 34.Bf3 Rxb2+ 35.Ke3 c5 36.Rc7
Nf5+ 37.Kd3 Rf2 38.Bd5 Ng7 39.Ke3 Rf1 40.Rxc5 Nf5+ 41.Ke2 Ng3+ 42.Kd3 Kg7 43.c4
f5 44.Rc8 f4 45.Rg8+ Kf6 46.Rf8+ Ke5 47.Re8+ Kf5 48.c5 Rd1+ 49.Kc4 Nf1 50.Be4+
Kf6 51.Kb5 Nd2 52.c6 Nxe4 53.Rxe4 Rb1+ 54.Kc5 Rc1+ 55.Kd6 Rd1+ 56.Kc5 Rc1+
57.Kd6 Rd1+ 58.Kc5

[Event "Aut_chT0809"]
[Site "Graz"]
[Date "2009.01.25"]
[Round "7"]
[Board "4"]
[White "Bunzmann, Dimitrij"]
[Black "Hoelzl, Franz"]
[Result "1/2-1/2"]
[WhiteElo "2488"]
[BlackElo "2356"]
[PlyCount "108"]
[EventDate "2008.11.07"]
[EventType "team"]
[EventRounds "11"]
[EventCountry "AUT"]
[WhiteTeam "SK Kl.Ztg.MPOE Maria Saal"]
[BlackTeam "SK ASVOE Raika St.Veit/Gl."]

1.c4 e6 2.Nc3 d5 3.d4 Bb4 4.cxd5 exd5 5.Nf3 Ne7 6.g3 O-O 7.Bg2 c6 8.O-O Re8
9.Qb3 a5 10.Re1 Nf5 11.Bf4 Na6 12.Rad1 Nc7 13.a3 Bxc3 14.Qxc3 Nb5 15.Qd3 a4
16.e4 dxe4 17.Rxe4 Rxe4 18.Qxe4 Nfd6 19.Qc2 Bf5 20.Qc5 Be4 21.Re1 Bd5 22.Ng5 h6
23.Bxd5 hxg5 24.Bxd6 Qxd6 25.Ba2 Qxc5 26.dxc5 Kf8 27.Re4 Nc7 28.Rb4 Ra7 29.Kg2
Ne8 30.Kf3 Nf6 31.Ke3 Ke7 32.h3 Nd7 33.Kd4 f6 34.Bb1 Kd8 35.Bf5 Nxc5 36.Kxc5
Ra5+ 37.Kd6 Rd5+ 38.Ke6 Re5+ 39.Kd6 Rd5+ 40.Ke6 Re5+ 41.Kf7 Rxf5 42.Rxb7 Rxf2
43.Kxg7 f5 44.Kg6 Rg2 45.Kxg5 Rxg3+ 46.Kxf5 Rxh3 47.Ke5 Rd3 48.Rb4 Rd5+ 49.Ke4
Ra5 50.Kd3 Kc7 51.Kc4 Ra8 52.Kc3 Ra5 53.Rg4 Kb6 54.Rb4+ Kc7

[Event "Aut_chT0809"]
[Site "Graz"]
[Date "2009.01.25"]
[Round "7"]
[Board "5"]
[White "Jurkovic, Hrvoje"]
[Black "Tratar, Marko"]
[Result "1/2-1/2"]
[WhiteElo "2405"]
[BlackElo "2497"]
[PlyCount "50"]
[EventDate "2008.11.07"]
[EventType "team"]
[EventRounds "11"]
[EventCountry "AUT"]
[WhiteTeam "SK ASVOE Raika St.Veit/Gl."]
[BlackTeam "SK Kl.Ztg.MPOE Maria Saal"]

1.e4 e6 2.d4 d5 3.Nd2 dxe4 4.Nxe4 Nd7 5.Nf3 Ngf6 6.Nxf6+ Nxf6 7.Bd3 c5 8.O-O
cxd4 9.Nxd4 Bc5 10.Nf3 O-O 11.Bg5 b6 12.Qe2 Bb7 13.Rad1 Qc7 14.Bxf6 gxf6 15.Be4
Rfd8 16.c4 Rxd1 17.Rxd1 Bxe4 18.Qxe4 Rd8 19.Rd3 Rxd3 20.Qxd3 Qf4 21.Qc3 Qe4
22.Kf1 Qb1+ 23.Ne1 Qxa2 24.Qg3+ Kf8 25.Qb8+ Kg7

[Event "Aut_chT0809"]
[Site "Graz"]
[Date "2009.01.25"]
[Round "7"]
[Board "6"]
[White "Schachinger, Mario"]
[Black "Hebesberger, Thomas"]
[Result "1-0"]
[WhiteElo "2336"]
[BlackElo "2354"]
[PlyCount "67"]
[EventDate "2008.11.07"]
[EventType "team"]
[EventRounds "11"]
[EventCountry "AUT"]
[WhiteTeam "SK Kl.Ztg.MPOE Maria Saal"]
[BlackTeam "SK ASVOE Raika St.Veit/Gl."]

1.d4 d6 2.e4 Nf6 3.Nc3 e5 4.dxe5 dxe5 5.Qxd8+ Kxd8 6.Bg5 Be6 7.O-O-O+ Nbd7 8.f4
exf4 9.Nf3 h6 10.Bxf4 g5 11.Bg3 Nh5 12.Be5 Bg7 13.Bxg7 Nxg7 14.Ne5 f6 15.Rxd7+
Bxd7 16.Nf7+ Ke7 17.Nxh8 Rxh8 18.Nd5+ Ke6 19.Nxc7+ Ke5 20.Bd3 Nh5 21.Nd5 Re8
22.Ne3 Nf4 23.g3 Nxd3+ 24.cxd3 f5 25.exf5 Bxf5 26.d4+ Ke4 27.Nxf5 Kxf5 28.Rf1+
Kg4 29.Kd2 h5 30.Kd3 Rd8 31.a4 Kh3 32.Rf2 g4 33.Rd2 a6 34.Ke4

[Event "Aut_chT0809"]
[Site "Graz"]
[Date "2009.01.25"]
[Round "7"]
[Board "2"]
[White "Socko, Bartosz"]
[Black "Nanu, Ciprian-Costica"]
[Result "1-0"]
[WhiteElo "2631"]
[BlackElo "2506"]
[PlyCount "137"]
[EventDate "2008.11.07"]
[EventType "team"]
[EventRounds "11"]
[EventCountry "AUT"]
[WhiteTeam "SK Advisory Invest Baden"]
[BlackTeam "Styria Graz"]

1.e4 c6 2.d4 d5 3.e5 Bf5 4.Nf3 e6 5.Be2 Nd7 6.O-O Ne7 7.Nh4 c5 8.c3 Be4 9.Nd2
Bg6 10.Nxg6 hxg6 11.Nf3 Nc6 12.Be3 Be7 13.g3 cxd4 14.cxd4 Qb6 15.Rb1 Rc8 16.b4
Qd8 17.Qd2 O-O 18.Rfc1 a6 19.a4 Na7 20.Rxc8 Qxc8 21.b5 axb5 22.axb5 Qb8 23.Bg5
Nc8 24.Rc1 Re8 25.Bxe7 Nxe7 26.Qf4 Rc8 27.Ra1 Qc7 28.Ng5 Nf5 29.g4 Qc3 30.Rd1
Nh6 31.Kg2 Qb2 32.Bf1 Nf8 33.h3 Rc2 34.Bd3 Rc3 35.Nf3 Qb3 36.Be2 Rc2 37.Rd2 Rxd2
38.Qxd2 b6 39.Qc1 Qa2 40.Bd3 Qa7 41.Qc8 Qa3 42.Bf1 Qa7 43.Qd8 Qb7 44.Ne1 f6
45.exf6 gxf6 46.Qxf6 Qg7 47.Qxg7+ Kxg7 48.f4 Nf7 49.Nf3 Nd6 50.Ne5 Kf6 51.Bd3
Kg7 52.Kf3 Kf6 53.Ke3 Kg7 54.Nf3 Kf7 55.Nh4 Kf6 56.Kf3 Nf7 57.Ng2 Nd6 58.Ne3 Nh7
59.h4 Nf8 60.g5+ Kg7 61.Kg4 Nf5 62.Bxf5 exf5+ 63.Nxf5+ gxf5+ 64.Kxf5 Kf7 65.h5
Ne6 66.g6+ Ke7 67.Ke5 Nc7 68.h6 Kf8 69.f5

[Event "Aut_chT0809"]
[Site "Graz"]
[Date "2009.01.25"]
[Round "7"]
[Board "3"]
[White "Moser, Eva"]
[Black "Balogh, Csaba"]
[Result "0-1"]
[WhiteElo "2397"]
[BlackElo "2605"]
[PlyCount "80"]
[EventDate "2008.11.07"]
[EventType "team"]
[EventRounds "11"]
[EventCountry "AUT"]
[WhiteTeam "Styria Graz"]
[BlackTeam "SK Advisory Invest Baden"]

1.e4 e5 2.Nf3 Nc6 3.c3 Nf6 4.d4 exd4 5.e5 Nd5 6.cxd4 Bb4+ 7.Bd2 Bxd2+ 8.Nbxd2 d6
9.Bb5 O-O 10.O-O Nde7 11.Re1 Be6 12.Bc4 dxe5 13.dxe5 Nd4 14.Nxd4 Qxd4 15.Bxe6
fxe6 16.Nf3 Qb6 17.Re3 Nd5 18.Rb3 Qa6 19.Qc2 h6 20.Re1 Rf4 21.Qg6 Raf8 22.Ra3
Qb6 23.Rb3 Qc6 24.Rd1 b6 25.Rbd3 Qe8 26.Qxe8 Rxe8 27.Rd4 Ref8 28.Rxf4 Rxf4
29.Rd4 c5 30.Rxf4 Nxf4 31.a4 Kf7 32.Kf1 Kg6 33.b3 Kf5 34.h3 Ke4 35.Nd2+ Kd3
36.Nc4 Kc3 37.a5 Kxb3 38.axb6 axb6 39.Nxb6 c4 40.g3 c3

[Event "Aut_chT0809"]
[Site "Graz"]
[Date "2009.01.25"]
[Round "7"]
[Board "4"]
[White "Siebrecht, Sebastian"]
[Black "Luther, Thomas"]
[Result "1/2-1/2"]
[WhiteElo "2440"]
[BlackElo "2536"]
[PlyCount "27"]
[EventDate "2008.11.07"]
[EventType "team"]
[EventRounds "11"]
[EventCountry "AUT"]
[WhiteTeam "SK Advisory Invest Baden"]
[BlackTeam "Styria Graz"]

1.d4 d5 2.Nf3 Nf6 3.c4 c6 4.Nc3 e6 5.e3 Nbd7 6.Qc2 Bd6 7.g4 h6 8.Rg1 e5 9.cxd5
Nxd5 10.dxe5 Nxe5 11.Nxe5 Bxe5 12.Nxd5 cxd5 13.f4 Bf6 14.Bb5+

[Event "Aut_chT0809"]
[Site "Graz"]
[Date "2009.01.25"]
[Round "7"]
[Board "6"]
[White "Lendwai, Reinhard"]
[Black "Frank, Paul"]
[Result "1-0"]
[WhiteElo "2418"]
[BlackElo "2249"]
[PlyCount "79"]
[EventDate "2008.11.07"]
[EventType "team"]
[EventRounds "11"]
[EventCountry "AUT"]
[WhiteTeam "SK Advisory Invest Baden"]
[BlackTeam "Styria Graz"]

1.d4 Nf6 2.Bg5 d5 3.Bxf6 gxf6 4.e3 Bf5 5.Ne2 c6 6.Ng3 Bg6 7.h4 h6 8.Bd3 Bxd3
9.Qxd3 e6 10.Nh5 Nd7 11.Nd2 Qa5 12.c3 Qb5 13.Qc2 f5 14.O-O-O O-O-O 15.c4 dxc4
16.Nxc4 Rg8 17.g3 Be7 18.Nf4 Kb8 19.Rd3 c5 20.d5 Nb6 21.Nxb6 Qxb6 22.dxe6 fxe6
23.Rhd1 Rxd3 24.Qxd3 Rd8 25.Qc3 Rxd1+ 26.Kxd1 Qd6+ 27.Ke1 e5 28.Nd3 e4 29.Qh8+
Kc7 30.Nf4 Kc6 31.Qc8+ Qc7 32.Qxf5 Qa5+ 33.Kf1 Qb5+ 34.Kg2 Qxb2 35.Qxe4+ Kd7
36.Qe6+ Kd8 37.Qd5+ Ke8 38.Nd3 Qc3 39.Ne5 Qc2 40.Qg8+

[Event "Aut_chT0809"]
[Site "Graz"]
[Date "2009.01.25"]
[Round "7"]
[Board "3"]
[White "Rotstein, Arkadij"]
[Black "Najer, Evgeniy"]
[Result "1/2-1/2"]
[WhiteElo "2505"]
[BlackElo "2669"]
[PlyCount "112"]
[EventDate "2008.11.07"]
[EventType "team"]
[EventRounds "11"]
[EventCountry "AUT"]
[WhiteTeam "SK Absam"]
[BlackTeam "Husek Wien"]

1.d4 Nf6 2.Nf3 g6 3.g3 Bg7 4.Bg2 O-O 5.O-O d6 6.a4 Na6 7.Nc3 c5 8.d5 Bg4 9.h3
Bxf3 10.exf3 Nc7 11.f4 Qd7 12.Re1 Rad8 13.Qd3 Rfe8 14.Bd2 Qf5 15.Qxf5 gxf5
16.Nb5 Ncxd5 17.Nxa7 Ne4 18.Bxe4 fxe4 19.c4 Nf6 20.Nb5 e6 21.Ba5 Rd7 22.Bb6 Rc8
23.Rad1 d5 24.b3 h5 25.a5 Bf8 26.f3 exf3 27.Kf2 Be7 28.Kxf3 Bd8 29.g4 hxg4+
30.hxg4 Bxb6 31.axb6 Rcd8 32.g5 dxc4 33.Rxd7 Nxd7 34.bxc4 Nxb6 35.Re5 Nd7 36.Re1
Nf8 37.Kg4 Rd2 38.Nc3 Ng6 39.Ne4 Rd4 40.Nf6+ Kg7 41.Re4 Rd1 42.Re3 Kf8 43.Rb3
Rd4 44.Rxb7 Rxc4 45.Kg3 Rxf4 46.Nd7+ Kg8 47.Nf6+ Kf8 48.Nd7+ Ke8 49.Nf6+ Kd8
50.Rd7+ Kc8 51.Rxf7 c4 52.Rg7 c3 53.Rxg6 Rc4 54.Rg8+ Kc7 55.Rg7+ Kc6 56.Re7 c2

[Event "Aut_chT0809"]
[Site "Graz"]
[Date "2009.01.25"]
[Round "7"]
[Board "5"]
[White "Duer, Werner"]
[Black "Laznicka, Viktor"]
[Result "0-1"]
[WhiteElo "2260"]
[BlackElo "2598"]
[PlyCount "64"]
[EventDate "2008.11.07"]
[EventType "team"]
[EventRounds "11"]
[EventCountry "AUT"]
[WhiteTeam "SK Absam"]
[BlackTeam "Husek Wien"]

1.d4 Nf6 2.Nf3 g6 3.c3 Bg7 4.Bg5 d6 5.Nbd2 Nbd7 6.e4 h6 7.Bh4 Nh5 8.Bc4 g5 9.Bg3
e6 10.d5 Nxg3 11.hxg3 Qe7 12.Qe2 a6 13.Nd4 Nc5 14.a4 Bd7 15.a5 exd5 16.Bxd5
O-O-O 17.O-O-O f5 18.Rhe1 Rhe8 19.f3 c6 20.Bc4 fxe4 21.fxe4 Qe5 22.g4 Qf4 23.Kb1
d5 24.Rf1 Bxg4 25.Qe1 Qc7 26.Be2 Bxe2 27.Qxe2 Bxd4 28.cxd4 Nxe4 29.Qg4+ Qd7
30.Qxd7+ Rxd7 31.Nf3 Rf7 32.Kc2 Ref8

[Event "Aut_chT0809"]
[Site "Graz"]
[Date "2009.01.25"]
[Round "7"]
[Board "6"]
[White "Kovalev, Andrei"]
[Black "Gerhold, Michael"]
[Result "1-0"]
[WhiteElo "2535"]
[BlackElo "2229"]
[PlyCount "83"]
[EventDate "2008.11.07"]
[EventType "team"]
[EventRounds "11"]
[EventCountry "AUT"]
[WhiteTeam "Husek Wien"]
[BlackTeam "SK Absam"]

1.e4 c5 2.Nf3 Nc6 3.Nc3 g6 4.d4 cxd4 5.Nxd4 Bg7 6.Be3 Nf6 7.Bc4 O-O 8.Bb3 b6
9.f3 Na5 10.e5 Nxb3 11.axb3 Ne8 12.Nc6 Qc7 13.Nd5 Qb7 14.Ncxe7+ Kh8 15.Bd4 d6
16.exd6 Nxd6 17.Bxg7+ Kxg7 18.Qd4+ f6 19.O-O-O Nb5 20.Qd3 Nc7 21.Rhe1 Nxd5
22.Nxd5 Rf7 23.Qc3 Bf5 24.Re7 Qxe7 25.Nxe7 Rxe7 26.Rd6 Rf7 27.g4 Rc8 28.Rc6 Rxc6
29.Qxc6 Bd7 30.Qd6 g5 31.c4 Bc8 32.b4 Bb7 33.f4 h6 34.c5 Bf3 35.fxg5 hxg5 36.Qg3
Bd5 37.Kd2 Bc6 38.Kc3 Bb5 39.h4 gxh4 40.Qxh4 Rc7 41.g5 Rc6 42.Qh6+